000 00871nam a2200217 i 4500
001 180125
003 ES-MaACL
005 20240510063147.0
007 t|
008 120420s1949 sp ||||1| spa d
080 _a801.001.5(460)"17"
100 1 _aLázaro Carreter, Fernando,
_d1923-2004
_970798
245 1 4 _aLas ideas lingüísticas en España durante el siglo XVIII /
_cpor Fernando Lázaro Carreter.
260 _aMadrid :
_bConsejo Superior de Investigaciones Científicas, Patronato "Menéndez Pelayo", Instituto "Miguel de Cervantes",
_c1949.
300 _a287, [6] p. ;
_c24 cm.
490 1 _aAnejos de "La Revista de Filología Española" ;
_v48
650 1 4 _aLingüística-
_zEspaña-
_yS.XVIII.
_914469
830 0 _aAnejos de "La Revista de Filología Española" ;
_v48
_9236307
852 _aES-MaACL
_jE-15395
999 _c180125
_d180125